| 000 | 00923nam a2200181Ia 4500 | ||
|---|---|---|---|
| 008 | 081213s9999 xx 000 0 und d | ||
| 020 | _a9966213368 | ||
| 050 |
_aHN780 _b.B85 1998 |
||
| 100 | _aBujo, Benezet | ||
| 245 |
_aThe ethical dimension of community: _bthe African model and the dialogue between north & south/ _cBenezet Bujo |
||
| 260 | _c1998 | ||
| 300 |
_a237 p. ; _c21 cm. |
||
| 650 |
_bAfrican theology _xethical issues |
||
| 942 |
_cBK _2lcc |
||
| 999 |
_c9810 _d9810 |
||